|
|
|
|
| LEADER |
01748nam a2200397 i 4500 |
| 001 |
EBC5231729 |
| 003 |
MiAaPQ |
| 005 |
20200520144314.0 |
| 006 |
m o d | |
| 007 |
cr cnu|||||||| |
| 008 |
180220t20182018ne ao ob 001 0 eng d |
| 020 |
|
|
|z 9789462986046
|
| 020 |
|
|
|a 9789048537280 (e-book)
|
| 035 |
|
|
|a (MiAaPQ)EBC5231729
|
| 035 |
|
|
|a (Au-PeEL)EBL5231729
|
| 035 |
|
|
|a (CaPaEBR)ebr11502549
|
| 035 |
|
|
|a (OCoLC)1020788600
|
| 040 |
|
|
|a MiAaPQ
|b eng
|e rda
|e pn
|c MiAaPQ
|d MiAaPQ
|
| 050 |
|
4 |
|a PN4733
|b .G566 2018
|
| 082 |
0 |
|
|a 070.92
|2 23
|
| 100 |
1 |
|
|a Ginneken, Jaap van,
|d 1943-
|e author.
|
| 245 |
1 |
0 |
|a Kurt Baschwitz :
|b pioneer of Communication Studies and Social Psychology /
|c Jaap van Ginneken.
|
| 264 |
|
1 |
|a Amsterdam, Netherland :
|b Amsterdam University Press,
|c 2018.
|
| 264 |
|
4 |
|c 2018
|
| 300 |
|
|
|a 1 online resource (355 pages) :
|b illustrations, photographs
|
| 336 |
|
|
|a text
|2 rdacontent
|
| 337 |
|
|
|a computer
|2 rdamedia
|
| 338 |
|
|
|a online resource
|2 rdacarrier
|
| 504 |
|
|
|a Includes bibliographical references and index.
|
| 588 |
|
|
|a Description based on online resource; title from PDF title page (EBC, viewed February 20, 2018).
|
| 590 |
|
|
|a Electronic reproduction. Ann Arbor, MI : ProQuest, 2018. Available via World Wide Web. Access may be limited to ProQuest affiliated libraries.
|
| 600 |
1 |
0 |
|a Baschwitz, Kurt,
|d 1886-1968.
|
| 655 |
|
4 |
|a Electronic books.
|
| 776 |
0 |
8 |
|i Print version:
|a Ginneken, Jaap van.
|t Kurt Baschwitz : pioneer of Communication Studies and Social Psychology.
|d Amsterdam, Netherland : Amsterdam University Press, c2018
|h 354 pages
|z 9789462986046
|
| 797 |
2 |
|
|a ProQuest (Firm)
|
| 856 |
4 |
0 |
|u https://ebookcentral.proquest.com/lib/matrademy/detail.action?docID=5231729
|z Click to View
|